000 00256nam a22001217a 4500
040 _cHS
082 _a355
110 _aFAO
245 _aA trouble-shooters guide to forestry extension problems
260 _aRome
_bFAO
_c1997
300 _a90p;
942 _cEK
999 _c9124
_d9124